000 01549cam a2200421 i 4500
001 25329
003 Mx-PuUPA
005 20250827104031.0
008 140415s2024 ck a gr 000 0 spa d
020 _a9789587467703
040 _aMx-PuUPA
_bspa
_cMx-PuUPA
_dMx-PuUPA
_erda
041 0 _aspa
100 1 _aArrieta, Mauricio,
_eautor
_917396
245 1 0 _aMenos conferencias, más experiencias :
_bdiseño educativo conversacional /
_cMauricio Arrieta, Marla Maestre Meyer, Edgar Villegas Iriarte, Roberto Aguas Núñez
250 _aPrimera edición /
_bagosto
264 1 _aColombia :
_bEditorial Unimagdalena,
_c2024
300 _a29 páginas :
_bilustraciones, diagramas, tablas ;
_c23 cm
336 _2rdacontent
_atexto
_btxt
337 _2rdamedia
_asin medio
_bn
338 _2rdacarrier
_avolumen
_bnc
490 0 _aColección Ciencias Sociales
490 0 _aEducación y pedagogía
650 7 _2armarc
_aComunicación en educación
_xDiseño
650 7 _2armarc
_aModelos de enseñanza
650 7 _2armarc
_aMétodos de enseñanza
650 7 _2armarc
_aEducación superior
650 7 _2armarc
_aPedagogía
650 7 _2armarc
_aAprendizaje experiencial
700 1 _aMaestre Meyer, Marla,
_eautor
700 1 _aVillegas Iriarte, Edgard
_eautor
700 1 _aAguas Núñez, Roberto,
_eautor
942 _2ddc
_cLI
_h371.1022
_iA77
999 _c25329
_d25329